Statistics for Most expensive cities in United States

Click here to take the quiz!

General Stats

  • This quiz has been taken 53 times
  • The average score is 15 of 21

Answer Stats

Cost of Living IndexAnswer% Correct
86.5Los Angeles
100%
100.0New York City
100%
86.2Chicago
94%
83.1Miami
94%
97.0San Francisco
92%
97.4Seattle
92%
90.0Boston
90%
85.9Washington
90%
91.8San Diego
88%
80.9Atlanta
78%
95.4San Jose
76%
83.4Houston
74%
85.9Portland
74%
84.4Sacramento
68%
80.6Denver
66%
99.3Honolulu
62%
98.1Oakland
58%
81.0Charlotte
56%
85.2Tampa
56%
83.0Buffalo
28%
80.6Albuquerque
12%

Score Distribution

Percentile by Number Answered

Percent of People with Each Score

Your Score History

You have not taken this quiz